| 000 | 01598nam a2200349 a 4500 | ||
|---|---|---|---|
| 001 | ebr10425036 | ||
| 003 | CaPaEBR | ||
| 006 | m u | ||
| 007 | cr cn||||||||| | ||
| 008 | 100625s2010 dcuab sb 001 0 eng d | ||
| 010 | _z 2010931412 | ||
| 020 | _z9781607506072 (softcover) | ||
| 020 | _z9781607506089 (e-book) | ||
| 040 |
_aCaPaEBR _cCaPaEBR |
||
| 035 | _a(OCoLC)694145229 | ||
| 050 | 1 | 4 |
_aJF1525.I6 _bI58 2010eb |
| 245 | 0 | 0 |
_aIntelligence cooperation practices in the 21st century _h[electronic resource] : _btowards a culture of sharing / _cedited by Musa Tuzuner. |
| 246 | 3 | _aIntelligence cooperation practices in the twenty-first century | |
| 260 |
_aWashington, D.C. : _bIOS Press, _c2010. |
||
| 300 |
_axii, 161 p. : _bill. (some col.), map. |
||
| 490 | 1 |
_aNATO science for peace and security series. E, Human and societal dynamics, _x1874-6276 ; _vv. 71 |
|
| 504 | _aIncludes bibliographical references and indexes. | ||
| 533 |
_aElectronic reproduction. _bPalo Alto, Calif. : _cebrary, _d2011. _nAvailable via World Wide Web. _nAccess may be limited to ebrary affiliated libraries. |
||
| 650 | 0 |
_aIntelligence service _xInternational cooperation. |
|
| 650 | 0 | _aInternational cooperation. | |
| 650 | 0 | _aSecurity, International. | |
| 655 | 7 |
_aElectronic books. _2local |
|
| 700 | 1 | _aTuzuner, Musa. | |
| 710 | 2 | _aebrary, Inc. | |
| 830 | 0 |
_aNATO science for peace and security series. _nE, _pHuman and societal dynamics ; _vv. 71. |
|
| 856 | 4 | 0 |
_uhttp://site.ebrary.com/lib/rucke/Doc?id=10425036 _zAn electronic book accessible through the World Wide Web; click to view |
| 999 |
_c239081 _d239081 |
||